000 00207 a2200097 4500
001 35138
100 _aN A S
245 _aMalumaate Pakistan
260 _aLahore
_bMaqbool Academy
_c
090 _c23282
_d23282
942 _aNUST-CAE
_cM
_c14761
999 _c270211
_d270211